|
|
|
|
| LEADER |
00000naa2a2200000 4500 |
| 001 |
76616 |
| 005 |
20231031091823.0 |
| 035 |
|
|
|a (RuTPU)RU\TPU\book\82119
|
| 090 |
|
|
|a 76616
|
| 100 |
|
|
|a 20050426d2000 k y0rusy50 ca
|
| 101 |
0 |
|
|a rus
|
| 102 |
|
|
|a RU
|
| 200 |
1 |
|
|a Вычисление коэффициентов чувствительности одночервячной машины как объекта управления по различным каналам возмущающих воздействий
|f Д. Б. Горбунов, Л. В. Буртелов
|
| 320 |
|
|
|a Библиогр.: 1 назв.
|
| 463 |
|
0 |
|0 (RuTPU)RU\TPU\book\25688
|t Современные техника и технологии
|o Труды VI международной научно-практической конференции студентов, аспирантов и молодых ученых, 28 февраля - 3 марта 2000 года, Томск
|f М-во образования РФ; ТПУ
|v С. 309-311.
|d 2000
|p 478 с.
|
| 610 |
1 |
|
|a коэффициент чувствительности
|
| 610 |
1 |
|
|a вычисление коэффициентов
|
| 610 |
1 |
|
|a одночервячные машины
|
| 610 |
1 |
|
|a управление
|
| 610 |
1 |
|
|a возмущающие воздействия
|
| 610 |
1 |
|
|a экструзия
|
| 610 |
1 |
|
|a труды учёных ТПУ
|
| 700 |
|
1 |
|a Горбунов
|b Д. Б.
|
| 701 |
|
1 |
|a Буртелов
|b Л. В.
|
| 801 |
|
1 |
|a RU
|b 63413507
|c 20050426
|g PSBO
|
| 942 |
|
|
|c BK
|